书目信息 |
| 题名: |
心理减肥术
|
|
| 作者: | 艾布拉姆森 著 ;杨霞 , 石磊 译 | |
| 分册: | ||
| 出版信息: | 北京 中国社会科学出版社 2009 |
|
| 页数: | 246页 | |
| 开本: | 24cm | |
| 丛书名: | ||
| 单 册: | ||
| 中图分类: | R151.1 | |
| 科图分类: | ||
| 主题词: | 减肥--心理保健 , 减肥 , 心理保健 | |
| 电子资源: | ||
| ISBN: | 978-7-5004-7581-1 | |
| 000 | 01203nam0 22003011 45 | |
| 001 | 1033078281 | |
| 005 | 20100407171048.29 | |
| 010 | @a978-7-5004-7581-1@dCNY36.00 | |
| 100 | @a20100401d2009 em y0chiy50 ea | |
| 101 | 1 | @achi@ceng |
| 102 | @aCN@b110000 | |
| 105 | @ay z 000yy | |
| 106 | @ar | |
| 200 | 1 | @a心理减肥术@AXin Li Jian Fei Shu@dBody intelligence@f(美)爱德华·艾布拉姆森(Edward Abramson)著@F( Mei ) Ai De Hua· Ai Bu La Mu Sen (Edward Abramson) Zhu@g杨霞,石磊译@zeng |
| 210 | @a北京@c中国社会科学出版社@d2009 | |
| 215 | @a246页@d24cm | |
| 306 | @a由中国社会科学出版社和美国麦格劳-希尔教育(亚洲)出版公司合作出版 | |
| 330 | @a本书不仅是大量有关体重控制研究的结晶,也是作者从一些减肥成功并且长期维持疗效的人身上获得的经验。内容包括:身体智力为何重要?、聪明地去吃、饮食习惯、如何评价自己的身体、身体智力与节食、身体智力的计划和坚持等。 | |
| 510 | 1 | @aBody intelligence@zeng |
| 606 | 0 | @a减肥@x心理保健 |
| 606 | 0 | @a减肥 |
| 606 | 0 | @a心理保健 |
| 690 | @aR151.1@v4 | |
| 701 | 1 | @a艾布拉姆森@AAi Bu La Mu Sen@g(Abramson, Edward)@4著 |
| 702 | 0 | @a杨霞@AYang Xia@4译 |
| 702 | 0 | @a石磊@AShi Lei@4译 |
| 801 | 0 | @aCN@bTANGWEI@c20100407 |
| 905 | @b0588172-76@dR151.1@e86@f5 | |
| 心理减肥术=Body intelligence/(美)爱德华·艾布拉姆森(Edward Abramson)著/杨霞,石磊译.-北京:中国社会科学出版社,2009 |
| 246页;24cm |
| ISBN 978-7-5004-7581-1:CNY36.00 |
| 本书不仅是大量有关体重控制研究的结晶,也是作者从一些减肥成功并且长期维持疗效的人身上获得的经验。内容包括:身体智力为何重要?、聪明地去吃、饮食习惯、如何评价自己的身体、身体智力与节食、身体智力的计划和坚持等。 |
| ● |
| 相关链接 |
|
|
|
|
正题名:心理减肥术
索取号:R151.1/86
 
预约/预借
| 序号 | 登录号 | 条形码 | 馆藏地/架位号 | 状态 | 备注 |
| 1 | 0588172 | 205881722 | 第二样本阅览室/ [索取号:R151.1/86] | 在馆 | |
| 2 | 0588173 | 205881731 | 第三借阅区/ [索取号:R151.1/86] | 在馆 | |
| 3 | 0588174 | 205881740 | 教育系资料室/ [索取号:R151.1/86] | 在馆 | |
| 4 | 0588175 | 205881759 | 教育系资料室/ [索取号:R151.1/86] | 在馆 | |
| 5 | 0588176 | 205881768 | 第三借阅区/ [索取号:R151.1/86] | 在馆 |